Papel de la investigación científica y tecnológica en el cambio educativo

Guardado en:
書目詳細資料
主要作者: Monge ALfaro, Carlos
格式: Texto
出版: San Pedro de M. de O.: UCR. Departamento de Publicaciones
標簽: 添加標簽
沒有標簽, 成為第一個標記此記錄!

MARC

LEADER 00000 a a2200000 04500
001 15861
003
040
090 |a 018800  
100 |a Monge ALfaro, Carlos  
245 |a Papel de la investigación científica y tecnológica en el cambio educativo  
260 |a San Pedro de M. de O.:   |b UCR. Departamento de Publicaciones  
300 |a 15 p.  
999 |c 1437  |d 1437